| 000 | 01718nab a2200229 i 4500 | ||
|---|---|---|---|
| 001 | 768714001 | ||
| 003 | CO-MdFUSB | ||
| 005 | 20240617092720.0 | ||
| 008 | 240617t1985 us ||||| |||| 00| 0 eng d | ||
| 040 |
_bspa _cCO-MdFUSB _dCO-MdFUSB |
||
| 041 | _aeng | ||
| 100 |
_aChu, Theresa, _eautor |
||
| 245 | 1 |
_aCatholicism, chinese traditional values and marxist thought : _bsearching for a common ground _c/ Theresa Chu |
|
| 520 | _aAl discutir tres temas amplios: tradición, revolución y catolicismo romano, la primera tarea es reducir el alcance de estos conceptos. Por eso, este estudio se ubica en la China posterior a 1949. Este año, la revolución dejó su huella en la historia y el factor Revolución se convierte en el centro de atención. El foco principal de ese artículo está en otros dos factores de la tradición y el catolicismo que influyen en la revolución. Es inevitable una descripción general de los tres factores, pero en lugar de intentar proporcionar definiciones exhaustivas para cada uno, se menciona sólo aquellos factores que aparecen durante la interacción. En 1949, los misioneros abandonaron China. En los años siguientes, varios sacerdotes y laicos fueron arrestados y encarcelados. Otros mantuvieron un perfil bajo. A pesar de todo, poco quedó de la Iglesia católica en China. | ||
| 546 | _aTexto en inglés | ||
| 650 | 7 |
_aIglesia _9655 |
|
| 650 | 0 |
_aCristianismo y otras religiones _91247 |
|
| 650 | 7 |
_aTeología dogmática _96937 |
|
| 773 | 0 |
_070215 _982769 _dPensilvania, Estados Unidos _oR2644 _tMissiology _w(CO-MdFUSB)768714001 _gVolumen 13, (número 3, 1985) páginas: 337 - 346 _qpágina: 337 |
|
| 942 | _cANA | ||
| 945 | _aCatherine Arias Álvarez - Practicante SENA | ||
| 999 |
_c70221 _d70221 |
||